00522pab a2200169 454500008004000000100001700040245005900057260000900116300001600125362001100141650002100152650001300173773003400186909001000220999001700230952010500247180718b2003 xxu||||| |||| 00| 0 eng d aSriraman, S. aRailway budget 2003-04: some steps back, a few forward c2003 ap.1019-020. a15 Mar aRailways - India aRailways aEconomic and Political Weekly a55802 c55802d55802 00104070aIIPAbIIPAd2018-07-19hVolume no: 38, Issue no: 11pAR56247r2018-07-19w2018-07-19yAR